[Event "Grenzturnering Gruppe 1 2014-15"]
[Site "Oster Hojst"]
[Date "2014.09.23"]
[Round "1"]
[White "Light, Bjarne"]
[Black "Palm, Eivind"]
[Result "1-0"]
[WhiteElo "2208"]
[BlackElo "1884"]
[PlyCount "75"]
[EventDate "2014.??.??"]

1. e4 c5 2. Nf3 Nc6 3. Bb5 g6 4. O-O Bg7 5. Bxc6 bxc6 6. e5 Nh6 7. d3 O-O 8.
Nbd2 d6 9. Re1 Ng4 10. Nc4 d5 11. Ncd2 Qc7 12. Qe2 f6 13. exf6 exf6 14. Nb3 Ne5
15. Nxe5 fxe5 16. Nxc5 Qf7 17. Be3 Rb8 18. b3 Qe7 19. Qd2 Qd6 20. b4 Rf7 21.
Bg5 Bf5 22. Bh4 Qf8 23. Bg3 Re8 24. c3 d4 25. c4 Rfe7 26. Ne4 Bxe4 27. Rxe4 Bh6
28. Qe2 Qf5 29. Re1 Bg7 30. f4 exf4 31. Rxe7 Rxe7 32. Qxe7 fxg3 33. Qe6+ Qxe6
34. Rxe6 gxh2+ 35. Kxh2 Bf8 36. c5 a5 37. a3 axb4 38. axb4 1-0

[Event "Grenzturnering Gruppe 1 2014-15"]
[Site "Oster Hojst"]
[Date "2014.09.23"]
[Round "1"]
[White "Heinemann, Guido"]
[Black "Karstensen, Christian"]
[Result "1-0"]
[WhiteElo "1864"]
[BlackElo "1964"]
[PlyCount "114"]
[EventDate "2014.??.??"]

1. e4 c5 2. c3 e6 3. d4 cxd4 4. cxd4 d5 5. Nc3 dxe4 6. d5 a6 7. Bf4 Nf6 8. Bc4
b5 9. Bb3 Bb4 10. dxe6 Qxd1+ 11. Rxd1 Bxe6 12. Bxe6 fxe6 13. Nge2 Nbd7 14. a3
Bxc3+ 15. Nxc3 O-O 16. Bd6 Rfc8 17. O-O Rc4 18. Rfe1 Nb6 19. Be5 Nbd5 20. Bxf6
Nxf6 21. Re3 b4 22. Ne2 Rac8 23. b3 Rc2 24. axb4 Rb8 25. Nd4 Rb2 26. Nxe6 h6
27. h3 Rxb4 28. Rc3 Rb6 29. Rd8+ Kf7 30. Nf4 Rb7 31. Rcc8 Rb1+ 32. Kh2 R1xb3
33. Rf8+ Ke7 34. Ng6+ Kd6 35. Nh4 Ra7 36. Nf5+ Kd5 37. Rfd8+ Nd7 38. Ne3+ Kd4
39. Rc1 Rxe3 40. fxe3+ Kxe3 41. Re1+ Kf4 42. Rf1+ Ke5 43. Rf7 Kd6 44. Rxg7 a5
45. Re8 a4 46. Rxe4 a3 47. Rd4+ Kc6 48. Rd1 a2 49. Ra1 Kb5 50. Rxd7 Rxd7 51.
Rxa2 Rd4 52. Rc2 h5 53. Kg3 h4+ 54. Kf3 Rd3+ 55. Kg4 Rd4+ 56. Kg5 Kb6 57. Rf2
Kc6 1-0

[Event "Grenzturnering Gruppe 1 2014-15"]
[Site "Oster Hojst"]
[Date "2014.09.23"]
[Round "1"]
[White "Falsig, Niels"]
[Black "Millgramm, Stephan"]
[Result "0-1"]
[WhiteElo "1980"]
[BlackElo "1842"]
[PlyCount "60"]
[EventDate "2014.??.??"]

1. d4 Nf6 2. Nf3 d6 3. c4 g6 4. Nc3 Bg7 5. Bf4 O-O 6. h3 c6 7. e4 Qa5 8. Bd3
Nbd7 9. a3 e5 10. dxe5 dxe5 11. Be3 Nc5 12. Bxc5 Qxc5 13. b4 Qe7 14. O-O Nh5
15. c5 Rd8 16. Qc2 Be6 17. Ne2 Qf6 18. Kh2 Nf4 19. Rad1 Nxh3 20. gxh3 Qxf3 21.
Ng3 Rd4 22. Be2 Qxa3 23. Rxd4 exd4 24. Qd2 Qc3 25. Qxc3 dxc3 26. Bg4 Bxg4 27.
hxg4 Rd8 28. f4 Rd2+ 29. Kh3 c2 30. e5 Rd1 0-1

[Event "Grenzturnering Gruppe 1 2014-15"]
[Site "Oster Hojst"]
[Date "2014.09.23"]
[Round "1"]
[White "Langer, Michel"]
[Black "Kroger, Dieter"]
[Result "1-0"]
[WhiteElo "1740"]
[BlackElo "1714"]
[PlyCount "109"]
[EventDate "2014.??.??"]

1. e4 e6 2. f4 d5 3. e5 c5 4. Bb5+ Nc6 5. Bxc6+ bxc6 6. d3 Ne7 7. c3 Nf5 8. Nf3
Ba6 9. O-O Qb6 10. g4 Ne7 11. Kg2 g6 12. b3 h5 13. h3 hxg4 14. hxg4 Bg7 15. c4
f5 16. g5 Kf7 17. Nc3 dxc4 18. dxc4 Rad8 19. Qc2 Nd5 20. Na4 Nb4 21. Qc3 Qb8
22. Nxc5 Bc8 23. Ba3 a5 24. Bxb4 axb4 25. Qc2 Qb6 26. Qf2 Bf8 27. Na4 Qxf2+ 28.
Kxf2 Be7 29. Rad1 Bb7 30. Rxd8 Rxd8 31. Rh1 Kg7 32. Rh2 c5 33. Ke3 Be4 34. Rd2
Rh8 35. Nb2 Kf7 36. Nd3 Rh1 37. Nf2 Bxf3 38. Kxf3 Rh8 39. Nd3 Rh3+ 40. Ke2 Rh8
41. Kd1 Rh1+ 42. Kc2 Rh8 43. Kb2 Ra8 44. Ne1 Rd8 45. Rxd8 Bxd8 46. a3 bxa3+ 47.
Kxa3 Ba5 48. Nd3 Bd2 49. Ka4 Ke7 50. Kb5 Be3 51. Kc6 Ke8 52. Kd6 Kf7 53. Kd7
Bd2 54. Kc6 Be3 55. Kd6 1-0

[Event "Grenzturnering Gruppe 1 2014-15"]
[Site "Leck"]
[Date "2014.11.11"]
[Round "2"]
[White "Millgramm, Stephan"]
[Black "Light, Bjarne"]
[Result "0-1"]
[WhiteElo "1842"]
[BlackElo "2208"]
[PlyCount "114"]
[EventDate "2014.??.??"]

1. f4 c5 2. Nf3 Nc6 3. e4 g6 4. d3 Bg7 5. c3 d6 6. Be2 Nf6 7. O-O O-O 8. Na3
Rb8 9. Nc2 b5 10. Bd2 a5 11. Rb1 Be6 12. b3 b4 13. c4 Bg4 14. Be3 Ne8 15. Qe1
Nc7 16. h3 Bxf3 17. Bxf3 Ne6 18. g4 Ned4 19. Nxd4 Nxd4 20. Bd1 e6 21. Bxd4
Bxd4+ 22. Kh2 Qf6 23. Rf3 Rbe8 24. Qg3 Qg7 25. Kg2 f5 26. Bc2 Rf7 27. Rbf1 Qf8
28. g5 Bh8 29. Qf2 Qg7 30. Bb1 Qa1 31. Qe2 Bd4 32. h4 Ree7 33. Rh3 e5 34. Rhf3
exf4 35. Rxf4 Be5 36. R4f3 f4 37. Rh3 Bd4 38. Kf3 Be3 39. Qc2 Ra7 40. Rfh1 Qe5
41. Qg2 Bd4 42. Qg4 Bc3 43. Qg1 a4 44. bxa4 Rxa4 45. h5 Raa7 46. hxg6 hxg6 47.
Rh8+ Qxh8 48. Rxh8+ Bxh8 49. Qg4 Be5 50. Qe6 Kg7 51. Qh3 Kf8 52. Qh6+ Rg7 53.
Qh8+ Rg8 54. Qh6+ Kf7 55. Qh3 Rh8 56. Qg2 Rh4 57. Ke2 Rh2 0-1

[Event "Grenzturnering Gruppe 1 2014-15"]
[Site "Leck"]
[Date "2014.11.11"]
[Round "2"]
[White "Heinemann, Guido"]
[Black "Langer, Michel"]
[Result "1-0"]
[WhiteElo "1864"]
[BlackElo "1740"]
[PlyCount "103"]
[EventDate "2014.??.??"]

1. e4 c6 2. d4 d5 3. Nc3 dxe4 4. Nxe4 Bf5 5. Ng3 Bg6 6. Nf3 e6 7. Bd3 Nf6 8.
Bg5 Be7 9. O-O Nbd7 10. Re1 Bxd3 11. Qxd3 h6 12. Bxf6 Nxf6 13. Qb3 Qb6 14. Qxb6
axb6 15. a3 O-O 16. Ne5 Bd6 17. Rad1 b5 18. f4 g6 19. Ne4 Nxe4 20. Rxe4 Kg7 21.
g3 Rfd8 22. c3 h5 23. Rf1 Rac8 24. h3 Rc7 25. g4 hxg4 26. hxg4 b6 27. f5 exf5
28. gxf5 Bxe5 29. Rxe5 f6 30. Re2 g5 31. Rfe1 Kf7 32. Rh2 Kg7 33. Kg2 Rh8 34.
Rxh8 Kxh8 35. Re8+ Kg7 36. Rb8 c5 37. dxc5 Rxc5 38. Rxb6 Rxf5 39. b4 Kf7 40.
Ra6 Rd5 41. Rc6 Rd2+ 42. Kf3 Ra2 43. Ke4 Rxa3 44. Kf5 Ke7 45. Rc5 Rb3 46. Ke4
Ke6 47. Kd4 g4 48. Ke4 f5+ 49. Kf4 Ra3 50. Re5+ Kd6 51. Re3 Kd5 52. c4+ 1-0

[Event "Grenzturnering Gruppe 1 2014-15"]
[Site "Leck"]
[Date "2014.11.11"]
[Round "2"]
[White "Karstensen, Christian"]
[Black "Palm, Eivind"]
[Result "1/2-1/2"]
[WhiteElo "1964"]
[BlackElo "1884"]
[PlyCount "42"]
[EventDate "2014.??.??"]

1. e4 c5 2. d4 cxd4 3. c3 d5 4. exd5 Qxd5 5. cxd4 e5 6. Nf3 exd4 7. Nxd4 Bb4+
8. Nc3 Bd7 9. Be2 Nc6 10. Be3 Nf6 11. O-O Bxc3 12. bxc3 O-O 13. Bf3 Qa5 14. Qb3
Rac8 15. Qxb7 Ne5 16. Qb4 Qc7 17. Rac1 Nd3 18. Qa3 Nxc1 19. Rxc1 Ng4 20. Bxg4
Bxg4 21. Nb5 Qb7 1/2-1/2

[Event "Grenzturnering Gruppe 1 2014-15"]
[Site "Leck"]
[Date "2014.11.11"]
[Round "2"]
[White "Kroger, Dieter"]
[Black "Falsig, Niels"]
[Result "0-1"]
[WhiteElo "1714"]
[BlackElo "1980"]
[PlyCount "66"]
[EventDate "2014.??.??"]

1. f4 d5 2. Nf3 Nf6 3. e3 c5 4. b3 Nc6 5. Bb2 a6 6. Be2 e6 7. O-O Be7 8. Ne5
Bd7 9. d3 O-O 10. Nd2 d4 11. Nxc6 Bxc6 12. e4 b5 13. Bf3 Qc7 14. e5 Nd5 15.
Bxd5 Bxd5 16. Qe2 Qb7 17. Ne4 f5 18. exf6 Bxf6 19. Nxc5 Qc6 20. Ne4 b4 21.
Nxf6+ Rxf6 22. Bxd4 Rg6 23. Rf2 Rf8 24. g3 Rf5 25. a3 h5 26. axb4 h4 27. g4 Qd6
28. Bc5 Qc7 29. Raf1 h3 30. Be3 Bb7 31. g5 Qc6 32. Qf3 Rgxg5+ 33. Kh1 Qc7 0-1

[Event "Grenzturnering Gruppe 1 2014-15"]
[Site "Tonder"]
[Date "2014.12.08"]
[Round "3"]
[White "Falsig, Niels"]
[Black "Heinemann, Guido"]
[Result "1-0"]
[WhiteElo "1980"]
[BlackElo "1864"]
[PlyCount "69"]
[EventDate "2014.??.??"]

1. d4 d5 2. Nf3 Nf6 3. Bf4 e6 4. e3 Be7 5. c4 c6 6. Nc3 Qa5 7. a3 Ne4 8. Qc1
Nd7 9. b4 Bxb4 10. axb4 Qxb4 11. Ra3 dxc4 12. Be2 b5 13. O-O Nxc3 14. Rxc3 Qe7
15. Qb2 Nb6 16. Rc2 a5 17. Ne5 Bd7 18. Bxc4 f6 19. Nxc6 Bxc6 20. Bxb5 Bd7 21.
Bxd7+ Nxd7 22. Qb7 O-O 23. Rc7 Rfd8 24. Rfc1 e5 25. dxe5 fxe5 26. Bg3 a4 27.
Rd1 a3 28. Rcxd7 a2 29. Qb3+ Kf8 30. Rxd8+ Rxd8 31. Ra1 g5 32. h3 h5 33. Qb2
Rd5 34. Qxa2 Qd6 35. Qa8+ 1-0

[Event "Grenzturnering Gruppe 1 2014-15"]
[Site "Tonder"]
[Date "2014.12.08"]
[Round "3"]
[White "Light, Bjarne"]
[Black "Kroger, Dieter"]
[Result "1-0"]
[WhiteElo "2208"]
[BlackElo "1714"]
[PlyCount "73"]
[EventDate "2014.??.??"]

1. e4 e6 2. d4 d5 3. Nd2 dxe4 4. Nxe4 Bd7 5. Nf3 Bc6 6. Bd3 Bxe4 7. Bxe4 c6 8.
c3 Nf6 9. Bc2 Nbd7 10. Bf4 Be7 11. Qd3 O-O 12. O-O-O Re8 13. g4 Nf8 14. Ne5 Nd5
15. Bd2 Qc7 16. Qe2 Bf6 17. f4 a6 18. h4 c5 19. dxc5 Qxc5 20. Nd3 Qc7 21. g5
Be7 22. h5 Bd6 23. Ne5 Rac8 24. Kb1 Bxe5 25. fxe5 b5 26. Bd3 Red8 27. Rdf1 Rd7
28. Rh3 Ne7 29. Bf4 Nd5 30. Bc1 Rcd8 31. Rhf3 Nb6 32. g6 fxg6 33. h6 Re8 34.
Qf2 Qd8 35. Rf7 Rxd3 36. Rxg7+ Kh8 37. Qf7 1-0

[Event "Grenzturnering Gruppe 1 2014-15"]
[Site "Tonder"]
[Date "2014.12.08"]
[Round "3"]
[White "Palm, Eivind"]
[Black "Millgramm, Stephan"]
[Result "0-1"]
[WhiteElo "1884"]
[BlackElo "1842"]
[PlyCount "144"]
[EventDate "2014.??.??"]

1. Nf3 c5 2. c4 Nc6 3. Nc3 g6 4. d4 cxd4 5. Nxd4 Bg7 6. Nxc6 bxc6 7. Bd2 Nf6 8.
g3 Rb8 9. b3 Bb7 10. Bg2 d5 11. Rc1 d4 12. Na4 O-O 13. O-O e5 14. Nc5 Ba8 15.
e3 Nd7 16. exd4 exd4 17. Nxd7 Qxd7 18. Bf4 Rbd8 19. c5 Rfe8 20. Qd3 Bb7 21.
Rfd1 Qc8 22. Bg5 Ba6 23. Qd2 Re2 24. Qa5 Rde8 25. Bf1 Qf5 26. Bxe2 Bxe2 27. Qd2
Bxd1 28. Rxd1 Qxc5 29. Bf4 Qd5 30. Qd3 Qb5 31. Qxb5 cxb5 32. Kf1 Rc8 33. Rd2 f5
34. Ke2 Kf7 35. Bd6 Ke6 36. Ba3 Kd5 37. Bb2 Re8+ 38. Kd3 Bf6 39. Rd1 Rc8 40.
Re1 a5 41. a3 a4 42. b4 g5 43. h3 h5 44. f3 Be5 45. g4 hxg4 46. hxg4 fxg4 47.
fxg4 Rf8 48. Bc1 Rf3+ 49. Ke2 Rg3 50. Bxg5 Rxg4 51. Bc1 Re4+ 52. Kd1 Rxe1+ 53.
Kxe1 Kc4 54. Kd1 Kb3 55. Ke2 Kc2 56. Bd2 d3+ 57. Ke3 Bf4+ 58. Kxf4 Kxd2 59. Ke4
Ke2 60. Kd4 d2 61. Kc5 d1=Q 62. Kxb5 Qb3 63. Ka5 Qxa3 64. b5 Qb3 65. Kb6 a3 66.
Kc6 a2 67. b6 a1=Q 68. b7 Qac3+ 69. Kd7 Qd5+ 70. Ke8 Qcc6+ 71. Kf8 Qxb7 72. Ke8
Qg8# 0-1

[Event "Grenzturnering Gruppe 1 2014-15"]
[Site "Tonder"]
[Date "2014.12.08"]
[Round "3"]
[White "Langer, Michel"]
[Black "Karstensen, Christian"]
[Result "1/2-1/2"]
[WhiteElo "1740"]
[BlackElo "1964"]
[PlyCount "47"]
[EventDate "2014.??.??"]

1. e4 c5 2. f4 e6 3. Nf3 Nc6 4. Be2 Nge7 5. O-O g6 6. d3 Bg7 7. c3 d5 8. e5 O-O
9. d4 cxd4 10. Nxd4 Nxd4 11. Qxd4 Nc6 12. Qf2 Bd7 13. Be3 b6 14. Na3 f6 15.
exf6 Qxf6 16. Nc2 Rae8 17. Bb5 Qd8 18. Bxc6 Bxc6 19. Nd4 Bb7 20. Qd2 e5 21.
fxe5 Rxf1+ 22. Rxf1 Bxe5 23. Bh6 Qe7 24. Nf3 1/2-1/2

[Event "Grenzturnering Gruppe 1 2014-15"]
[Site "Oster Hojst"]
[Date "2015.01.20"]
[Round "4"]
[White "Heinemann, Guido"]
[Black "Light, Bjarne"]
[Result "0-1"]
[WhiteElo "1864"]
[BlackElo "2208"]
[PlyCount "68"]
[EventDate "2014.??.??"]

1. e4 d6 2. Nc3 Nf6 3. d3 g6 4. Be2 Bg7 5. h4 h5 6. Bg5 c6 7. Qd2 b5 8. Bf3 a6
9. b4 Nbd7 10. d4 Qc7 11. a4 Bb7 12. axb5 cxb5 13. Nge2 Rc8 14. O-O e6 15. Ra2
Nb6 16. Rfa1 Nc4 17. Qf4 Nd7 18. Qg3 Nb8 19. e5 dxe5 20. Bxb7 Qxb7 21. dxe5
Bxe5 22. Bf4 Qc7 23. Nxb5 axb5 24. Ra7 Qd6 25. Re1 Nc6 26. Qf3 Nxa7 27. Qb7 Qb8
28. Qe4 Nc6 29. Bg5 Nd6 30. Qd3 Nxb4 31. Qb3 Nxc2 32. Rd1 Nf5 33. f4 Bg7 34.
Qd3 O-O 0-1

[Event "Grenzturnering Gruppe 1 2014-15"]
[Site "Oster Hojst"]
[Date "2014.01.20"]
[Round "4"]
[White "Karstensen, Christian"]
[Black "Millgramm, Stephan"]
[Result "1/2-1/2"]
[WhiteElo "1964"]
[BlackElo "1842"]
[PlyCount "76"]
[EventDate "2014.??.??"]

1. e4 c6 2. d4 d5 3. Nc3 dxe4 4. f3 exf3 5. Nxf3 Bg4 6. Bc4 e6 7. O-O Nf6 8.
Bg5 Be7 9. Qd2 Nbd7 10. Qf4 Bxf3 11. Rxf3 Qb6 12. Rd1 O-O-O 13. Bh4 Nf8 14. Bf2
Ng6 15. Qc1 Qc7 16. h3 Bd6 17. a4 Bf4 18. Qb1 Rd7 19. b4 Rhd8 20. Be2 e5 21. d5
e4 22. Rxf4 Qxf4 23. Bxa7 Nxd5 24. Nxd5 Rxd5 25. Rf1 Qg3 26. Bg4+ f5 27. Bxf5+
Rxf5 28. Rxf5 Nf4 29. Qf1 Nxh3+ 30. Kh1 Ng5 31. Bb6 Re8 32. Rf8 Rxf8 33. Qxf8+
Kd7 34. Qd8+ Ke6 35. Qc8+ Kf7 36. Qxb7+ Kg6 37. Qxc6+ Kh5 38. Qc5 Qh4+ 1/2-1/2

[Event "Grenzturnering Gruppe 1 2014-15"]
[Site "Oster Hojst"]
[Date "2015.01.20"]
[Round "4"]
[White "Langer, Michel"]
[Black "Falsig, Niels"]
[Result "1/2-1/2"]
[WhiteElo "1740"]
[BlackElo "1980"]
[PlyCount "52"]
[EventDate "2014.??.??"]

1. e4 c5 2. f4 Nc6 3. Nf3 g6 4. Be2 Bg7 5. O-O d6 6. d3 Nf6 7. Nc3 O-O 8. Bd2
a6 9. Rb1 b5 10. Qc1 Be6 11. Ng5 Bd7 12. Qe1 b4 13. Nd5 Nxd5 14. exd5 Nd4 15.
Bd1 Re8 16. c3 bxc3 17. bxc3 Nb5 18. a4 Nc7 19. c4 e6 20. Qh4 h6 21. dxe6 Nxe6
22. Nf3 Qxh4 23. Nxh4 Nd4 24. Kf2 Be6 25. Nf3 Bf5 26. Ne1 h5 1/2-1/2

[Event "Grenzturnering Gruppe 1 2014-15"]
[Site "Tonder"]
[Date "2015.01.26"]
[Round "4"]
[White "Kroger, Dieter"]
[Black "Palm, Eivind"]
[Result "1-0"]
[WhiteElo "1714"]
[BlackElo "1884"]
[PlyCount "141"]
[EventDate "2014.??.??"]

1. f4 d5 2. Nf3 Nf6 3. e3 g6 4. b3 Bg7 5. Bb2 O-O 6. d4 Nbd7 7. Nbd2 c5 8. c3
a6 9. Bd3 b5 10. a3 Bb7 11. b4 c4 12. Bc2 Ne4 13. O-O f6 14. Nxe4 dxe4 15. Nd2
f5 16. a4 Qc7 17. Qe2 Nf6 18. Rfc1 Nd5 19. a5 Bf6 20. Kh1 Kf7 21. Rg1 Bc8 22.
h3 Bd7 23. Nf1 h5 24. g3 Rh8 25. h4 Bc6 26. Kh2 e6 27. Re1 Bb7 28. Rc1 Qe7 29.
Qf2 Rac8 30. Kg2 Nxb4 31. Ba3 Nd3 32. Bxe7 Nxf2 33. Bxf6 Kxf6 34. Kxf2 Bd5 35.
Rb1 Rb8 36. Rb4 Rb7 37. Nd2 Rhb8 38. Rgb1 Ke7 39. R1b2 Kd6 40. Nb1 Kc6 41. Na3
Kc7 42. Bd1 Kc6 43. Be2 Kc7 44. Ke1 Kc6 45. Kd1 Kc7 46. Kc1 Kc6 47. Kb1 Kc7 48.
Ka2 Kc6 49. Nb1 Kc7 50. Nd2 Kc6 51. Ka3 Kc7 52. Bxc4 Bxc4 53. Nxc4 bxc4 54.
Rxb7+ Rxb7 55. Rxb7+ Kxb7 56. Kb4 Kc6 57. Kxc4 Kd6 58. Kb4 Kc6 59. c4 Kd6 60.
c5+ Kd5 61. Kc3 Kc6 62. Kc4 Kc7 63. d5 exd5+ 64. Kxd5 Kd7 65. c6+ Ke7 66. Ke5
Kd8 67. Kd6 Kc8 68. c7 Kb7 69. Kd7 Ka7 70. Kc6 g5 71. c8=Q 1-0

[Event "Grenzturnering Gruppe 1 2014-15"]
[Site "Leck"]
[Date "2015.02.24"]
[Round "5"]
[White "Light, Bjarne"]
[Black "Langer, Michel"]
[Result "1-0"]
[WhiteElo "2208"]
[BlackElo "1740"]
[PlyCount "69"]
[EventDate "2014.??.??"]

1. e4 c6 2. Nc3 d5 3. Nf3 d4 4. Ne2 d3 5. cxd3 Bg4 6. d4 Bxf3 7. gxf3 Qb6 8.
Bh3 e6 9. b3 Nf6 10. Bb2 Nbd7 11. O-O Rg8 12. Qc2 O-O-O 13. f4 Kb8 14. f5 exf5
15. Bxf5 g6 16. Bh3 h5 17. Kh1 Bg7 18. a4 g5 19. a5 Qc7 20. a6 g4 21. Bg2 h4
22. e5 h3 23. Be4 Nxe4 24. Qxe4 Nb6 25. Ng3 Nd5 26. axb7 Qxb7 27. Ba3 Bf8 28.
Rfc1 Re8 29. Bc5 a6 30. Qd3 Nc7 31. Ne4 Rd8 32. Ra4 Nb5 33. Rca1 Bg7 34. Rxa6
Bxe5 35. Rb6 1-0

[Event "Grenzturnering Gruppe 1 2014-15"]
[Site "Leck"]
[Date "2015.02.24"]
[Round "5"]
[White "Falsig, Niels"]
[Black "Karstensen, Christian"]
[Result "1-0"]
[WhiteElo "1980"]
[BlackElo "1964"]
[PlyCount "69"]
[EventDate "2014.??.??"]

1. d4 e6 2. Nf3 f5 3. c4 Nf6 4. g3 Bb4+ 5. Bd2 Qe7 6. Bg2 Ne4 7. O-O O-O 8. a3
Bxd2 9. Nbxd2 d5 10. Qc2 c6 11. Ne5 Nd7 12. Ndf3 Ndf6 13. c5 g5 14. b4 Qg7 15.
a4 a6 16. Qd3 h5 17. h4 Ng4 18. Ra3 gxh4 19. Nxg4 hxg4 20. Nxh4 Ng5 21. f3 gxf3
22. Nxf3 Bd7 23. Ne5 Be8 24. Rf4 Rf6 25. g4 Ne4 26. Bxe4 dxe4 27. Qh3 Rh6 28.
Qg2 Bg6 29. Rg3 Kh7 30. gxf5 exf5 31. Rxf5 Rg8 32. Qxe4 Qe7 33. Qg4 Bf7 34.
Rxf7+ Qxf7 35. Qe4+ 1-0

[Event "Grenzturnering Gruppe 1 2014-15"]
[Site "Leck"]
[Date "2015.02.24"]
[Round "5"]
[White "Millgramm, Stephan"]
[Black "Kroger, Dieter"]
[Result "1/2-1/2"]
[WhiteElo "1842"]
[BlackElo "1714"]
[PlyCount "115"]
[EventDate "2014.??.??"]

1. d4 e6 2. c4 f5 3. Nc3 Nf6 4. g3 Bb4 5. Bg2 O-O 6. Bd2 d5 7. e3 c6 8. Qc2
Nbd7 9. Nf3 b6 10. cxd5 cxd5 11. O-O Bxc3 12. Bxc3 Bb7 13. Rfc1 Qe7 14. a3 Rfc8
15. Qd1 Qe8 16. Rc2 Ne4 17. Rac1 Nxc3 18. Rxc3 Rxc3 19. Rxc3 Rc8 20. Qc2 Rxc3
21. Qxc3 Qc8 22. Nd2 Qxc3 23. bxc3 Ba6 24. Bf1 Bxf1 25. Kxf1 b5 26. Ke2 Nb6 27.
Kd3 Nc4 28. Nxc4 bxc4+ 29. Ke2 Kf7 30. f3 Kf6 31. h3 g5 32. e4 f4 33. Kf2 h5
34. h4 Kg6 35. Kg2 Kf6 36. Kh3 fxg3 37. Kxg3 gxh4+ 38. Kxh4 Kg6 39. a4 a5 40.
Kg3 Kg5 41. e5 Kg6 42. f4 Kf5 43. Kh4 Kxf4 44. Kxh5 Ke3 45. Kg5 Kd3 46. Kf6
Kxc3 47. Kxe6 Kxd4 48. Kd6 c3 49. e6 c2 50. e7 c1=Q 51. e8=Q Qc5+ 52. Ke6 Kc3
53. Qb5 Kd4 54. Qb2+ Kc4 55. Qa2+ Kb4 56. Qxd5 Qb6+ 57. Ke5 Kxa4 58. Qa2+
1/2-1/2

[Event "Grenzturnering Gruppe 1 2014-15"]
[Site "Leck"]
[Date "2015.02.24"]
[Round "5"]
[White "Palm, Eivind"]
[Black "Heinemann, Guido"]
[Result "0-1"]
[WhiteElo "1884"]
[BlackElo "1864"]
[PlyCount "142"]
[EventDate "2014.??.??"]

1. Nf3 d6 2. d4 g6 3. e4 Bg7 4. c4 Bg4 5. Be2 c5 6. d5 Nf6 7. Nc3 Nbd7 8. h3
Bxf3 9. Bxf3 O-O 10. O-O a6 11. Qc2 Rb8 12. a4 e6 13. dxe6 fxe6 14. Rd1 Ne5 15.
Be2 Nc6 16. Be3 Qe7 17. Rd2 Ne8 18. Rad1 Nd4 19. Bxd4 Bxd4 20. Bf3 Qg5 21. Rd3
Rd8 22. Ne2 e5 23. Nxd4 exd4 24. Qd2 Qe5 25. b4 Rd7 26. b5 axb5 27. cxb5 Rdf7
28. h4 Ng7 29. Qa2 Qe6 30. Qxe6 Nxe6 31. Bg4 Nf4 32. R3d2 h5 33. Bf3 b6 34. Kf1
Ra7 35. Ra1 Kg7 36. Bd1 Ne6 37. Bb3 Nc7 38. Re1 Rf4 39. g3 Rf3 40. Bd1 Ra3 41.
e5 dxe5 42. Rxe5 Ra1 43. Ke2 Kf6 44. f4 Ra3 45. Rd3 Rxd3 46. Kxd3 Ra8 47. Kc4
Ne8 48. Kd5 Rd8+ 49. Kc6 Rd6+ 50. Kb7 Ng7 51. a5 bxa5 52. Rxc5 Ne6 53. Rc6 Rd5
54. Ka6 Kf5 55. b6 Nd8 56. Rc8 a4 57. Bxa4 Kg4 58. Rxd8 Rxd8 59. b7 d3 60. Ka7
Kxg3 61. b8=Q Rxb8 62. Kxb8 Kxh4 63. Kc7 Kg3 64. Kd6 Kxf4 65. Kd5 Ke3 66. Ke5
Ke2 67. Bb5 Ke3 68. Ba4 h4 69. Kf6 h3 70. Kxg6 h2 71. Bc6 d2 0-1

[Event "Grenzturnering Gruppe 1 2014-15"]
[Site "Tonder"]
[Date "2015.03.23"]
[Round "6"]
[White "Falsig, Niels"]
[Black "Light, Bjarne"]
[Result "0-1"]
[WhiteElo "1980"]
[BlackElo "2208"]
[PlyCount "70"]
[EventDate "2014.??.??"]

1. d4 e6 2. Nf3 b6 3. g3 Bb7 4. Bg2 f5 5. O-O Nf6 6. c4 a5 7. Nc3 Bb4 8. Qc2
O-O 9. Bg5 Bxc3 10. Qxc3 Qe8 11. Bxf6 Rxf6 12. Rfd1 d6 13. d5 Na6 14. dxe6 Nc5
15. Nd4 Bxg2 16. Kxg2 Nxe6 17. Nxe6 Rxe6 18. e3 Qc6+ 19. Rd5 Rf8 20. Rad1 Rh6
21. Kg1 Qe8 22. Qd3 Qh5 23. h4 Rhf6 24. Rd4 h6 25. Rd2 g5 26. Qe2 Qg6 27. h5
Qf7 28. g4 fxg4 29. Rxg4 Qxh5 30. f4 Kh8 31. Qf3 gxf4 32. Rh2 Qxg4+ 33. Qxg4
Rg8 34. Qxg8+ Kxg8 35. Rf2 Rg6+ 0-1

[Event "Grenzturnering Gruppe 1 2014-15"]
[Site "Tonder"]
[Date "2015.03.23"]
[Round "6"]
[White "Heinemann, Guido"]
[Black "Millgramm, Stephan"]
[Result "0-1"]
[WhiteElo "1864"]
[BlackElo "1842"]
[PlyCount "80"]
[EventDate "2014.??.??"]

1. e4 c5 2. c3 Nc6 3. d4 cxd4 4. cxd4 d5 5. Nc3 dxe4 6. d5 Nb8 7. Bf4 Nf6 8.
Nb5 Na6 9. d6 exd6 10. Bxd6 Be7 11. Bxe7 Qxd1+ 12. Rxd1 Kxe7 13. Bc4 Be6 14.
Bxe6 fxe6 15. Ne2 Nb4 16. O-O Nxa2 17. Rd4 a5 18. Nd6 e5 19. Rd2 Rhb8 20. Nf5+
Kf7 21. Neg3 Rd8 22. Nd6+ Ke6 23. Rfd1 e3 24. fxe3 Rd7 25. Nde4 Rxd2 26. Rxd2
Nxe4 27. Nxe4 b5 28. Nc5+ Ke7 29. Rd7+ Kf6 30. Ne4+ Ke6 31. Rxg7 Rc8 32. b3 Nc1
33. g4 Nxb3 34. Rb7 b4 35. Ng5+ Kf6 36. Nxh7+ Kg6 37. h4 Nc5 38. Ng5 Rc6 39.
Nf3 Kf6 40. h5 Nxb7 0-1

[Event "Grenzturnering Gruppe 1 2014-15"]
[Site "Tonder"]
[Date "2015.03.23"]
[Round "6"]
[White "Karstensen, Christian"]
[Black "Kroger, Dieter"]
[Result "1-0"]
[WhiteElo "1964"]
[BlackElo "1714"]
[PlyCount "81"]
[EventDate "2014.??.??"]

1. e4 e6 2. d4 d5 3. Nc3 dxe4 4. f3 Nf6 5. Bg5 Be7 6. Qd2 Nc6 7. O-O-O Nd5 8.
Bxe7 Qxe7 9. fxe4 Nxc3 10. Qxc3 O-O 11. Nf3 Bd7 12. Bc4 Qb4 13. Qxb4 Nxb4 14.
Ne5 Rad8 15. c3 Nc6 16. Nxd7 Rxd7 17. Bb5 a6 18. Bxc6 bxc6 19. b4 f6 20. Kc2
Kf7 21. e5 f5 22. Rd3 Ke7 23. Rhd1 Ra8 24. c4 a5 25. Ra3 Rad8 26. bxa5 Rxd4 27.
Rxd4 Rxd4 28. a6 Rd8 29. Kc3 c5 30. Ra5 Ra8 31. Rxc5 Kd7 32. Ra5 Kc6 33. c5 Kd5
34. Kb4 c6 35. Ra3 Kxe5 36. Ka5 Kd5 37. Kb6 e5 38. Kb7 Re8 39. a7 Kxc5 40. a8=Q
Rxa8 41. Rxa8 1-0

[Event "Grenzturnering Gruppe 1 2014-15"]
[Site "Tonder"]
[Date "2015.03.23"]
[Round "6"]
[White "Langer, Michel"]
[Black "Palm, Eivind"]
[Result "1/2-1/2"]
[WhiteElo "1740"]
[BlackElo "1884"]
[PlyCount "105"]
[EventDate "2014.??.??"]

1. e4 c5 2. Nf3 Nf6 3. Nc3 e6 4. d4 d5 5. Bg5 dxe4 6. Nxe4 Nbd7 7. dxc5 Qa5+ 8.
Bd2 Qc7 9. Nd6+ Bxd6 10. cxd6 Qxd6 11. Bc3 Qxd1+ 12. Rxd1 O-O 13. Bb5 a6 14.
Bxd7 Nxd7 15. O-O Nb6 16. Ne5 f6 17. Ba5 Nd5 18. Nd3 b6 19. c4 bxa5 20. cxd5
exd5 21. Nf4 Rb8 22. Rd2 d4 23. Re1 Rd8 24. f3 g5 25. Nh5 Kf7 26. Ng3 Rb5 27.
Rc1 Re5 28. Ne4 Bf5 29. Rc7+ Kg6 30. Ng3 d3 31. Rc6 h5 32. Rxa6 Rc5 33. Nxf5
Kxf5 34. Kf2 h4 35. g3 hxg3+ 36. hxg3 Rcd5 37. Rb6 Rh8 38. Kg2 Ke5 39. Rb3 Rhd8
40. Kf2 f5 41. Ra3 f4 42. Ra4 Rc8 43. Re4+ Kf5 44. g4+ Kf6 45. b3 Rc2 46. Ke1
Rc1+ 47. Kf2 Rc3 48. Re1 Re5 49. Rh1 Rc2 50. Rxc2 dxc2 51. Rc1 Rc5 52. Ke2 Ke5
53. Kd3 1/2-1/2

[Event "Grenzturnering Gruppe 1 2014-15"]
[Site "Tonder"]
[Date "2015.04.27"]
[Round "7"]
[White "Light, Bjarne"]
[Black "Karstensen, Christian"]
[Result "1/2-1/2"]
[WhiteElo "2208"]
[BlackElo "1964"]
[PlyCount "123"]
[EventDate "2014.??.??"]

1. e4 g6 2. f4 Bg7 3. Nf3 c6 4. Nc3 d6 5. a4 e5 6. fxe5 dxe5 7. Bc4 Nd7 8. O-O
Ngf6 9. d3 O-O 10. Qe1 Qc7 11. Qh4 Nb6 12. Ba2 Be6 13. Bh6 Nh5 14. Bxg7 Nxg7
15. Ng5 h5 16. Nxe6 Nxe6 17. Bxe6 fxe6 18. Rf6 Rxf6 19. Qxf6 Qf7 20. Qxe5 Rf8
21. Qg3 Kg7 22. h3 Qf6 23. Qe3 Nc8 24. e5 Qe7 25. Ne4 Qb4 26. b3 Rf5 27. d4 Ne7
28. Rd1 Nd5 29. Qe1 Qe7 30. Nd6 Rf8 31. Qd2 Nf4 32. Kh2 Qh4 33. Rf1 Nxh3 34.
Rxf8 Ng5+ 35. Kg1 Kxf8 36. Qf2+ Qxf2+ 37. Kxf2 b6 38. Nc8 Ke8 39. Nxa7 Kd7 40.
b4 Ne4+ 41. Ke3 Nc3 42. b5 cxb5 43. axb5 g5 44. Kd2 h4 45. Ke3 g4 46. Kf4 h3
47. gxh3 gxh3 48. Kg3 Ne2+ 49. Kxh3 Nxd4 50. Kg4 Nxc2 51. Nc6 Ne3+ 52. Kg5 Nd5
53. Kg6 Nc7 54. Nd4 Ke7 55. Kg7 Ne8+ 56. Kg6 Nc7 57. Kg7 Ne8+ 58. Kg6 Nc7 59.
Kg5 Kf7 60. Kh5 Kg7 61. Kg5 Kf7 62. Kh5 1/2-1/2